[Event "Sitges op 47th"]
[Site "Sitges"]
[Date "2023.07.29"]
[Round "8"]
[White "Solodovnichenko, Yuri"]
[Black "Vedant, Nitin Vekhande"]
[Result "1-0"]
[WhiteElo "2520"]
[BlackElo "2087"]
[PlyCount "117"]
[EventDate "2023.07.22"]
[EventType "swiss"]
[EventRounds "9"]
[EventCountry "ESP"]
[SourceTitle "CBM 215 Extra"]
[Source "ChessBase"]
[SourceDate "2023.09.30"]
[SourceVersion "1"]
[SourceVersionDate "2023.09.30"]
[SourceQuality "1"]

1. e4 c5 2. Nf3 d6 3. Bb5+ Nc6 4. 0-0 Bd7 5. Re1 Nf6 6. c3 a6 7. Bf1 e5 8. h3 g5 9. Nxg5 Rg8 10. d4 h6 11. Nxf7 Kxf7 12. Bc4+ Kg7 13. Bxg8 Kxg8 14. dxc5 dxc5 15. Be3 Be6 16. Qf3 b6 17. Nd2 Bg7 18. Nf1 Qf8 19. Ng3 Ne7 20. Red1 Ne8 21. Qxf8+ Bxf8 22. b4 cxb4 23. cxb4 b5 24. a3 a5 25. bxa5 Rxa5 26. Rd8 Kf7 27. Rb8 Nd6 28. Bc5 Nec8 29. Bb4 Ra6 30. Rc1 Bc4 31. Rc3 Be7 32. Rf3+ Kg7 33. Rxc8 Nxc8 34. Nf5+ Kg6 35. Nxe7+ Nxe7 36. Bxe7 Re6 37. Bb4 Rf6 38. Rg3+ Kf7 39. Bc3 Rf4 40. f3 Kf6 41. Kf2 Rh4 42. Bd2 Be6 43. Be3 Bc4 44. Ke1 Be6 45. Kd2 Rh5 46. Kc3 Kf7 47. Kb4 Bd7 48. Kc5 Be8 49. Kd6 Kf8 50. Ke6 Bf7+ 51. Kf6 Bc4 52. Rg4 Bb3 53. h4 Bc4 54. Bf2 Bf7 55. Rg7 Bc4 56. g4 Rg5 57. hxg5 hxg5 58. a4 b4 59. Rb7 1-0

[Event "Barbera del Valles op 45th"]
[Site "Barbera del Valles"]
[Date "2023.07.11"]
[Round "8"]
[White "Ilamparthi, AR."]
[Black "Vedant, Nitin Vekhande"]
[Result "1/2-1/2"]
[WhiteElo "2393"]
[BlackElo "2087"]
[PlyCount "57"]
[EventDate "2023.07.04"]
[EventType "swiss"]
[EventRounds "9"]
[EventCountry "ESP"]
[SourceTitle "CBM 215 Extra"]
[Source "ChessBase"]
[SourceDate "2023.09.30"]
[SourceVersion "1"]
[SourceVersionDate "2023.09.30"]
[SourceQuality "1"]

1. e4 c5 2. Nf3 d6 3. d4 cxd4 4. Nxd4 Nf6 5. Nc3 g6 6. Be3 Bg7 7. f3 0-0 8. Qd2 Nc6 9. 0-0-0 d5 10. exd5 Nxd5 11. Nxc6 bxc6 12. Bd4 e5 13. Bc5 Be6 14. Ne4 Qc7 15. Bxf8 Bxf8 16. Bc4 Rb8 17. Kb1 Qb6 18. Bb3 c5 19. c3 c4 20. Bxc4 Bh6 21. Qe2 Nf4 22. Rd6 Qc7 23. Nf6+ Kh8 24. Qxe5 Qxc4 25. Nh5+ Kg8 26. Nf6+ Kh8 27. Nh5+ Kg8 28. Nf6+ Kh8 29. Nh5+ 1/2-1/2

[Event "Barbera del Valles op 45th"]
[Site "Barbera del Valles"]
[Date "2023.07.05"]
[Round "2"]
[White "Valenzuela Gomez, Fernando Alberto"]
[Black "Vedant, Nitin Vekhande"]
[Result "1-0"]
[WhiteElo "2403"]
[BlackElo "2087"]
[PlyCount "61"]
[EventDate "2023.07.04"]
[EventType "swiss"]
[EventRounds "9"]
[EventCountry "ESP"]
[SourceTitle "CBM 215 Extra"]
[Source "ChessBase"]
[SourceDate "2023.09.30"]
[SourceVersion "1"]
[SourceVersionDate "2023.09.30"]
[SourceQuality "1"]

1. d4 Nf6 2. Nf3 d5 3. c4 e6 4. Nc3 Be7 5. Bf4 0-0 6. e3 Nbd7 7. a3 c6 8. Qc2 h6 9. g4 dxc4 10. g5 hxg5 11. Nxg5 c5 12. 0-0-0 cxd4 13. exd4 b5 14. Bg2 Ba6 15. Bxa8 Qxa8 16. Rhg1 b4 17. axb4 Bxb4 18. Be5 Bb7 19. Nh7 Be7 20. Nxf8 Kxf8 21. Nb5 Bf3 22. Rde1 Qc6 23. Nc3 Nb6 24. Rg3 Bd5 25. Reg1 g6 26. Rxg6 fxg6 27. Qxg6 Nbd7 28. Qh6+ Ke8 29. Qh8+ Bf8 30. Bxf6 Qd6 31. Qh5# 1-0

[Event "Budapest Vezerkepzo IM-C 04"]
[Site "Budapest"]
[Date "2023.05.03"]
[Round "8"]
[White "Joshua, AP."]
[Black "Vedant, Nitin Vekhande"]
[Result "1-0"]
[WhiteElo "2283"]
[BlackElo "2178"]
[PlyCount "121"]
[EventDate "2023.04.25"]
[EventType "tourn"]
[EventRounds "9"]
[EventCountry "HUN"]
[SourceTitle "CBM 214 Extra"]
[Source "ChessBase"]
[SourceDate "2023.07.31"]
[SourceVersion "1"]
[SourceVersionDate "2023.07.31"]
[SourceQuality "1"]

1. Nf3 Nf6 2. g3 g6 3. b3 Bg7 4. Bb2 0-0 5. Bg2 d6 6. d4 Nbd7 7. 0-0 Re8 8. Re1 c6 9. e4 e5 10. dxe5 dxe5 11. Na3 Qc7 12. Nc4 b5 13. Qd6 Qxd6 14. Nxd6 Re6 15. Nxc8 Rxc8 16. Bh3 Ree8 17. Rad1 Rc7 18. Re2 h5 19. Kg2 Ng4 20. Ne1 Nb6 21. f3 Nf6 22. Red2 Kf8 23. Nd3 Nfd7 24. Nb4 Nb8 25. Ba3 c5 26. Nd5 Rc6 27. c3 Nc8 28. Kf2 a5 29. Bf1 Na7 30. Bb2 Rec8 31. a4 b4 32. Ne3 R6c7 33. Nc4 Nac6 34. Rd5 bxc3 35. Bxc3 Nd4 36. Nb6 Re8 37. Bb5 Nbc6 38. Rxc5 Rb8 39. Bxd4 Rxb6 40. Be3 f5 41. Rcc1 Rb8 42. Rxc6 Rxc6 43. Bxc6 Rxb3 44. Bc5+ Kg8 45. Bd5+ Kh7 46. Bxb3 f4 47. Rd7 fxg3+ 48. Kxg3 Kh6 49. Be3+ Kh7 50. Bg5 Kh8 51. Rd8+ Kh7 52. Bg8+ Kh8 53. Bf7+ Kh7 54. Rd6 Bf8 55. Bxg6+ Kg7 56. Rc6 h4+ 57. Kxh4 Bb4 58. Bf5 Bf8 59. Rc7+ Kh8 60. Bf6+ Bg7 61. Rc8# 1-0

[Event "Budapest Vezerkepzo IM-C 04"]
[Site "Budapest"]
[Date "2023.05.01"]
[Round "6"]
[White "Isha, Sharma"]
[Black "Vedant, Nitin Vekhande"]
[Result "1/2-1/2"]
[WhiteElo "2216"]
[BlackElo "2178"]
[PlyCount "101"]
[EventDate "2023.04.25"]
[EventType "tourn"]
[EventRounds "9"]
[EventCountry "HUN"]
[SourceTitle "CBM 214 Extra"]
[Source "ChessBase"]
[SourceDate "2023.07.31"]
[SourceVersion "1"]
[SourceVersionDate "2023.07.31"]
[SourceQuality "1"]

1. e4 c5 2. Nf3 d6 3. d4 cxd4 4. Nxd4 Nf6 5. Nc3 g6 6. f3 Bg7 7. Be3 0-0 8. Qd2 Nc6 9. Bc4 Bd7 10. 0-0-0 Rc8 11. Bb3 Ne5 12. Kb1 Nc4 13. Bxc4 Rxc4 14. g4 b5 15. b3 b4 16. bxc4 bxc3 17. Qxc3 Qc7 18. g5 Nh5 19. Rd3 Rb8+ 20. Kc1 Be6 21. c5 Bxa2 22. cxd6 Qxd6 23. Kd2 Nf4 24. Qa3 Nxd3 25. Qxd6 exd6 26. Kxd3 Rc8 27. h4 d5 28. Ra1 Bc4+ 29. Kd2 dxe4 30. fxe4 a6 31. c3 Be5 32. Nf3 Bxc3+ 33. Kxc3 Be2+ 34. Kd4 Bxf3 35. Rxa6 Rd8+ 36. Ke5 Re8+ 37. Kf4 Bxe4 38. Rd6 Bf5 39. h5 gxh5 40. Bd4 Be6 41. Bf6 h4 42. Rd8 Rxd8 43. Bxd8 h3 44. Kg3 Kg7 45. Be7 Kg6 46. Bd8 Bg4 47. Bc7 Kf5 48. Bd8 Ke4 49. Bc7 Be6 50. Bb6 Kf5 51. Be3 1/2-1/2

[Event "Budapest Vezerkepzo IM-C 04"]
[Site "Budapest"]
[Date "2023.04.29"]
[Round "5"]
[White "Vedant, Nitin Vekhande"]
[Black "Pulpan, Jakub"]
[Result "1/2-1/2"]
[WhiteElo "2178"]
[BlackElo "2427"]
[PlyCount "178"]
[EventDate "2023.04.25"]
[EventType "tourn"]
[EventRounds "9"]
[EventCountry "HUN"]
[SourceTitle "CBM 214 Extra"]
[Source "ChessBase"]
[SourceDate "2023.07.31"]
[SourceVersion "1"]
[SourceVersionDate "2023.07.31"]
[SourceQuality "1"]

1. e4 e5 2. Nf3 Nc6 3. Bb5 a6 4. Bxc6 dxc6 5. d4 exd4 6. Qxd4 Qxd4 7. Nxd4 Bd7 8. Be3 0-0-0 9. Nd2 Ne7 10. 0-0-0 Ng6 11. f3 f6 12. h4 h5 13. Ne2 Be6 14. a3 c5 15. Nf4 Nxf4 16. Bxf4 Be7 17. Nb1 Rxd1+ 18. Kxd1 b5 19. Ke2 Re8 20. Kf2 b4 21. g3 a5 22. Rc1 g5 23. hxg5 fxg5 24. Be3 Rd8 25. Rh1 Bf7 26. f4 g4 27. e5 c4 28. axb4 axb4 29. Nd2 c3 30. bxc3 bxc3 31. Nb3 Bg6 32. Nd4 Bc5 33. f5 Bxd4 34. fxg6 Bxe3+ 35. Kxe3 Rg8 36. Rxh5 Rxg6 37. Kd4 Ra6 38. Rg5 Ra5 39. Rg6 Kd7 40. e6+ Kd6 41. Kd3 Rd5+ 42. Kxc3 Rc5+ 43. Kb2 Rc4 44. c3 Re4 45. Kc2 Rxe6 46. Rxg4 Re2+ 47. Kd3 Rg2 48. Rd4+ Kc5 49. Rc4+ Kd5 50. Rd4+ Kc5 51. Rg4 Rg1 52. Rg5+ Kb6 53. Kc4 c6 54. Rg6 Rg2 55. Rg7 Rg1 56. Rg5 Rg2 57. Kd4 Rd2+ 58. Ke3 Rc2 59. Kd3 Rg2 60. c4 Rg1 61. g4 Rd1+ 62. Ke4 Re1+ 63. Kf4 Rf1+ 64. Ke4 Re1+ 65. Kd4 Rd1+ 66. Kc3 Rc1+ 67. Kd3 Rd1+ 68. Kc2 Rd4 69. Kc3 Rf4 70. Kd3 Kc7 71. c5 Kd7 72. Ke3 Rc4 73. Kf3 Ke6 74. Rf5 Ra4 75. Kg3 Ra8 76. Kf4 Ra4+ 77. Kg5 Ra8 78. Rf6+ Kd5 79. Rf5+ Ke6 80. Kh6 Rh8+ 81. Kg7 Rh4 82. Rg5 Rh1 83. Rh5 Rc1 84. Kf8 Rc4 85. Ke8 Rxg4 86. Kd8 Rg7 87. Kc8 Rf7 88. Kb8 Rg7 89. Kc8 Rf7 1/2-1/2

[Event "Budapest FS04 IM"]
[Site "Budapest"]
[Date "2023.04.08"]
[Round "8"]
[White "To, Nhat Minh"]
[Black "Vedant, Nitin Vekhande"]
[Result "1-0"]
[WhiteElo "2354"]
[BlackElo "2178"]
[PlyCount "157"]
[EventDate "2023.04.01"]
[EventType "tourn"]
[EventRounds "11"]
[EventCountry "HUN"]
[SourceTitle "CBM 213 Extra"]
[Source "ChessBase"]
[SourceDate "2023.05.31"]
[SourceVersion "1"]
[SourceVersionDate "2023.05.31"]
[SourceQuality "1"]

1. e4 c5 2. Nf3 d6 3. d4 cxd4 4. Nxd4 Nf6 5. Nc3 g6 6. Be3 Bg7 7. f3 0-0 8. Qd2 Nc6 9. 0-0-0 d5 10. exd5 Nxd5 11. Nxc6 bxc6 12. Bd4 Bxd4 13. Qxd4 Qb6 14. Qe5 Be6 15. Na4 Qe3+ 16. Qxe3 Nxe3 17. Re1 Nd5 18. Nc5 Nc7 19. Nxe6 fxe6 20. Bc4 Kf7 21. h4 h6 22. Re4 Rad8 23. Bd3 Nd5 24. Rhe1 Rd6 25. Ra4 Rd7 26. g3 Rfd8 27. a3 Nf6 28. Re5 Nd5 29. Ra6 Rc7 30. Re4 g5 31. Ra5 Rg8 32. hxg5 Rxg5 33. g4 Rg8 34. Kd2 Rh8 35. Rea4 Ra8 36. Rc4 Ke8 37. Re4 Kf7 38. Rc5 Rd8 39. Ke1 Nf6 40. Rec4 Rd6 41. Kf2 Ke8 42. Kg3 Kf7 43. f4 Kg7 44. Re5 Nd7 45. Re2 Rb7 46. b4 Nf8 47. Be4 Rc7 48. b5 c5 49. Bc6 Nd7 50. Bxd7 Rdxd7 51. Rxe6 Rd4 52. Rxd4 cxd4 53. Rc6 Rd7 54. Ra6 Rb7 55. a4 Rd7 56. Kh4 Rc7 57. Rc6 Rd7 58. f5 Kh7 59. Kh5 Kg7 60. Rxh6 Rc7 61. Rc6 Rd7 62. Kg5 Rb7 63. Kf4 Rd7 64. Ke4 Kf7 65. g5 Kg7 66. a5 Kf7 67. b6 axb6 68. axb6 Kf8 69. Rc7 Rd6 70. b7 Rb6 71. Rc8+ Kf7 72. b8Q Rxb8 73. Rxb8 d3 74. cxd3 e6 75. Rb7+ Kf8 76. f6 e5 77. g6 Ke8 78. g7 Kd8 79. g8R# 1-0

[Event "Budapest FS04 IM"]
[Site "Budapest"]
[Date "2023.04.05"]
[Round "5"]
[White "Vedant, Nitin Vekhande"]
[Black "Krizsany, Laszlo"]
[Result "0-1"]
[WhiteElo "2178"]
[BlackElo "2361"]
[PlyCount "150"]
[EventDate "2023.04.01"]
[EventType "tourn"]
[EventRounds "11"]
[EventCountry "HUN"]
[SourceTitle "CBM 213 Extra"]
[Source "ChessBase"]
[SourceDate "2023.05.31"]
[SourceVersion "1"]
[SourceVersionDate "2023.05.31"]
[SourceQuality "1"]

1. e4 Nf6 2. e5 Nd5 3. d4 d6 4. c4 Nb6 5. exd6 cxd6 6. Nc3 g6 7. Nf3 Bg7 8. Be2 0-0 9. Be3 Nc6 10. 0-0 Bg4 11. b3 d5 12. c5 Nc8 13. h3 Bxf3 14. Bxf3 e6 15. Rc1 N8e7 16. Rc2 Nf5 17. Rd2 Qf6 18. Ne2 Nxe3 19. fxe3 Bh6 20. Kf2 e5 21. dxe5 Qxe5 22. Rd3 Nb4 23. Rc3 Nxa2 24. Qd4 Qxd4 25. exd4 Nxc3 26. Nxc3 Bg7 27. Rd1 Rad8 28. Ke3 Rfe8+ 29. Kd3 Re7 30. b4 a6 31. Nxd5 Red7 32. Kc4 h5 33. g4 h4 34. g5 Kf8 35. Rd3 b5+ 36. cxb6 Rc8+ 37. Kb3 Rb8 38. Ka4 Rxd5 39. Bxd5 Rxb6 40. Bc4 Rc6 41. Kb3 f5 42. d5 Rd6 43. Ka4 Be5 44. Ka5 Bf4 45. Bxa6 Bxg5 46. Bb5 Bd8+ 47. Ka4 g5 48. Rd1 g4 49. Be2 gxh3 50. Bf1 h2 51. Bh3 Rxd5 52. Rh1 Bc7 53. b5 Rd4+ 54. Kb3 Rd3+ 55. Kc4 Rxh3 56. Kd5 Rb3 57. Kd4 Rxb5 58. Ke3 Rb3+ 59. Kf2 Kf7 60. Kg2 h3+ 61. Kf2 Bg3+ 62. Ke2 f4 63. Ra1 Kf6 64. Ra6+ Kf5 65. Ra5+ Kg4 66. Ra1 Rb2+ 67. Kd3 Rg2 68. Rc1 Rg1 69. Rc8 h1Q 70. Rg8+ Kf3 71. Kd4 Rd1+ 72. Ke5 Qe1+ 73. Kf6 Rd6+ 74. Kg7 Qe7+ 75. Kh8 Rh6# 0-1

[Event "Sitges op 46th"]
[Site "Sitges"]
[Date "2022.07.27"]
[Round "6"]
[White "Congrains Diaz, Adrian Francisco"]
[Black "Vedant, Nitin Vekhande"]
[Result "1/2-1/2"]
[WhiteElo "2025"]
[BlackElo "1731"]
[PlyCount "112"]
[EventDate "2022.07.22"]
[EventType "swiss"]
[EventRounds "9"]
[EventCountry "ESP"]
[SourceTitle "CBM 209 Extra"]
[Source "ChessBase"]
[SourceDate "2022.09.30"]
[SourceVersion "1"]
[SourceVersionDate "2022.09.30"]
[SourceQuality "1"]

1. d4 Nf6 2. c4 e6 3. Nf3 d5 4. Nc3 Be7 5. Bf4 c6 6. e3 0-0 7. Qc2 Nbd7 8. Rd1 h6 9. h3 dxc4 10. Bxc4 b5 11. Bd3 a6 12. a3 Qb6 13. e4 c5 14. e5 c4 15. Be2 Nd5 16. Nxd5 exd5 17. 0-0 b4 18. axb4 Qxb4 19. Nh2 Rd8 20. Ng4 Nf8 21. Bd2 Qb6 22. Bc3 Qg6 23. Qxg6 Nxg6 24. f4 Nh4 25. Ba5 Nf5 26. Bxd8 Bxd8 27. Bf3 Be6 28. Rfe1 Bb6 29. g3 Bxd4+ 30. Kg2 h5 31. Nf2 Ne3+ 32. Rxe3 Bxe3 33. Bxd5 Rb8 34. Bxe6 fxe6 35. Ne4 Rxb2+ 36. Kf3 Bb6 37. Rd6 c3 38. Nxc3 Rb3 39. Kg2 Rxc3 40. Rxb6 Rc2+ 41. Kf3 Rc3+ 42. Kf2 Rc2+ 43. Kf3 Rc3+ 44. Ke4 Kf7 45. g4 Rc4+ 46. Ke3 Rc3+ 47. Ke4 Rc4+ 48. Ke3 Rc3+ 49. Kd4 Rxh3 50. gxh5 Rxh5 51. Rxa6 Rh4 52. Ke3 g5 53. f5 exf5 54. Rf6+ Ke7 55. Rxf5 Ke6 56. Rxg5 Ra4 1/2-1/2

[Event "Barcelona Sant Marti op-A 22nd"]
[Site "Barcelona"]
[Date "2022.07.18"]
[Round "6"]
[White "Munoz Pantoja, Miguel Angel"]
[Black "Vedant, Nitin Vekhande"]
[Result "1-0"]
[WhiteElo "2408"]
[BlackElo "1731"]
[PlyCount "73"]
[EventDate "2022.07.13"]
[EventType "swiss"]
[EventRounds "9"]
[EventCountry "ESP"]
[SourceTitle "CBM 209 Extra"]
[Source "ChessBase"]
[SourceDate "2022.09.30"]
[SourceVersion "1"]
[SourceVersionDate "2022.09.30"]
[SourceQuality "1"]

1. e4 c5 2. Nf3 d6 3. d4 cxd4 4. Nxd4 Nf6 5. Nc3 g6 6. Be3 Bg7 7. Bc4 0-0 8. f3 Nc6 9. Qd2 Bd7 10. 0-0-0 Rc8 11. Bb3 Ne5 12. Kb1 a6 13. g4 b5 14. h4 Nc4 15. Bxc4 bxc4 16. Bh6 Rb8 17. h5 Qb6 18. b3 Bh8 19. Bxf8 Rxf8 20. Nf5 Re8 21. hxg6 fxg6 22. Nh6+ Kf8 23. g5 cxb3 24. cxb3 Nh5 25. Rxh5 Rc8 26. Nd5 Qc5 27. Rhh1 Qa3 28. Rc1 Rb8 29. Rc3 Be6 30. Rhc1 a5 31. Qf4+ Ke8 32. Nc7+ Kd7 33. Nxe6 Bxc3 34. Rxc3 Kxe6 35. Qg4+ Ke5 36. Rd3 Rc8 37. Nf7# 1-0

[Event "Barcelona Sant Marti op-A 22nd"]
[Site "Barcelona"]
[Date "2022.07.14"]
[Round "2"]
[White "Vedant, Nitin Vekhande"]
[Black "Bottazzi, Ulysse"]
[Result "1/2-1/2"]
[WhiteElo "1731"]
[BlackElo "2140"]
[PlyCount "78"]
[EventDate "2022.07.13"]
[EventType "swiss"]
[EventRounds "9"]
[EventCountry "ESP"]
[SourceTitle "CBM 209 Extra"]
[Source "ChessBase"]
[SourceDate "2022.09.30"]
[SourceVersion "1"]
[SourceVersionDate "2022.09.30"]
[SourceQuality "1"]

1. e4 c5 2. Nf3 d6 3. d4 cxd4 4. Nxd4 Nf6 5. Nc3 a6 6. Be2 e6 7. 0-0 Be7 8. f4 Qc7 9. Be3 0-0 10. Bf3 Nc6 11. Qe1 Nxd4 12. Bxd4 e5 13. Bf2 exf4 14. h4 Be6 15. Qd2 Rac8 16. Qxf4 b5 17. a3 Nd7 18. Rad1 Ne5 19. Be2 Rfd8 20. Rd2 Bf6 21. Qg3 Ng6 22. h5 Be5 23. Qf3 Bxc3 24. Qxc3 Qxc3 25. bxc3 Ne5 26. Rfd1 Rc6 27. Bd4 f6 28. Ra1 Nc4 29. Bxc4 Bxc4 30. h6 Re8 31. hxg7 Kxg7 32. Re1 d5 33. e5 fxe5 34. Bxe5+ Kg8 35. Re3 Rce6 36. Rg3+ Rg6 37. Re3 Rge6 38. Rg3+ Rg6 39. Re3 Rge6 1/2-1/2

[Event "Eastern Asia-ch U14"]
[Site "Tornelo INT"]
[Date "2021.10.31"]
[Round "8"]
[White "Burbach, Brunel Baron"]
[Black "Vedant, Nitin Vekhande"]
[Result "0-1"]
[WhiteElo "1673"]
[BlackElo "1342"]
[PlyCount "106"]
[EventDate "2021.10.29"]
[EventType "swiss"]
[EventRounds "9"]
[EventCountry "NET"]
[SourceTitle "EXT 2023"]
[Source "ChessBase"]
[SourceDate "2022.10.05"]
[SourceVersion "1"]
[SourceVersionDate "2022.10.05"]
[SourceQuality "1"]

1. e4 c5 2. Nf3 d6 3. d4 cxd4 4. Nxd4 Nf6 5. f3 g6 6. c4 Bg7 7. Be3 0-0 8. Nc3 Nc6 9. Be2 Nd7 10. 0-0 Qb6 11. Nd5 Bxd4 12. Nxb6 Bxe3+ 13. Kh1 Nxb6 14. Qd3 Bd4 15. Rab1 Bg7 16. f4 f5 17. Bf3 Nd4 18. exf5 Nxf3 19. Qxf3 Bxf5 20. Rbe1 e5 21. fxe5 dxe5 22. Qxb7 Rf7 23. Qa6 Rc7 24. b3 Bd3 25. Rf2 e4 26. Qa5 Bd4 27. Rf4 Rf8 28. Rxf8+ Kxf8 29. Qg5 Kg7 30. Qd2 Rf7 31. h3 Nd7 32. Rxe4 Rf1+ 33. Kh2 Bg1+ 34. Kg3 Bf2+ 35. Kh2 Bg1+ 36. Kg3 Bxe4 37. Qxd7+ Rf7 38. Qe6 Bf2+ 39. Kh2 Bf5 40. Qe5+ Kg8 41. c5 h5 42. Qe8+ Kg7 43. Qe5+ Kh7 44. Qe8 Rc7 45. b4 h4 46. a3 Bg3+ 47. Kg1 Rd7 48. Qe2 Bd3 49. Qe6 Bb5 50. Qb3 Be2 51. c6 Rd1+ 52. Qxd1 Bxd1 53. b5 Ba4 0-1

[Event "Eastern Asia-ch U14"]
[Site "Tornelo INT"]
[Date "2021.10.30"]
[Round "4"]
[White "Vedant, Nitin Vekhande"]
[Black "Shahil, Dey"]
[Result "1-0"]
[WhiteElo "1342"]
[BlackElo "1816"]
[PlyCount "147"]
[EventDate "2021.10.29"]
[EventType "swiss"]
[EventRounds "9"]
[EventCountry "NET"]
[SourceTitle "EXT 2023"]
[Source "ChessBase"]
[SourceDate "2022.10.05"]
[SourceVersion "1"]
[SourceVersionDate "2022.10.05"]
[SourceQuality "1"]

1. e4 c5 2. Nf3 e6 3. d3 Nc6 4. g3 d5 5. Nbd2 Nf6 6. Bg2 Be7 7. 0-0 0-0 8. Re1 Re8 9. e5 Nd7 10. Nf1 f6 11. exf6 Bxf6 12. Ne3 Qb6 13. Rb1 Nde5 14. Nxe5 Bxe5 15. Ng4 Bc3 16. Bd2 Bxd2 17. Qxd2 Bd7 18. Ne5 Qc7 19. Qg5 Rad8 20. Nxc6 Bxc6 21. Qe5 Qa5 22. Bh3 Kh8 23. f4 d4 24. a3 Bd5 25. f5 Qd2 26. Re2 Qh6 27. Bg2 Kg8 28. Bxd5 exd5 29. Qxe8+ Rxe8 30. Rxe8+ Kf7 31. Re2 Qb6 32. b3 c4 33. Ree1 cxd3 34. cxd3 Qa6 35. Red1 Qxa3 36. Rd2 a5 37. Kg2 Qb4 38. Rc2 a4 39. Ra2 b5 40. Rab2 a3 41. Rc2 Qe7 42. b4 Qe3 43. Rb3 Kf6 44. Rxa3 Kxf5 45. Rf2+ Ke5 46. Rb3 g5 47. Kf1 Kd6 48. Kg2 h5 49. Rf6+ Ke5 50. Rf8 Qd2+ 51. Rf2 Qd1 52. Ra3 h4 53. Rfa2 Qe1 54. Rb2 Kf5 55. Rf2+ Ke5 56. Rb2 g4 57. gxh4 Qxh4 58. Re2+ Kf4 59. Kg1 Qh3 60. Rf2+ Ke3 61. Rg2 Qh5 62. Rg3+ Kd2 63. Rg2+ Ke3 64. Rg3+ Kf4 65. Ra2 Qe5 66. Kf1 Kg5 67. Rag2 Qf4+ 68. Ke2 Kh5 69. h3 Qc1 70. Rxg4 Qe3+ 71. Kf1 Qxd3+ 72. Kg1 Qxh3 73. R4g3 Qh4 74. Rh2 1-0

[Event "New Delhi Parsvnath blitz op 18th"]
[Site "New Delhi"]
[Date "2020.01.14"]
[Round "8"]
[White "Garv, Rai"]
[Black "Vedant, Nitin Vekhande"]
[Result "0-1"]
[WhiteElo "1898"]
[BlackElo "1756"]
[PlyCount "98"]
[EventDate "2020.01.14"]
[EventType "swiss (blitz)"]
[EventRounds "9"]
[EventCountry "IND"]
[SourceTitle "CBM 194 Extra"]
[Source "ChessBase"]
[SourceDate "2020.03.31"]
[SourceVersion "1"]
[SourceVersionDate "2020.03.31"]
[SourceQuality "1"]

1. g3 e5 2. Bg2 d5 3. c4 Nf6 4. cxd5 Nxd5 5. Nc3 Nb6 6. d3 Nc6 7. Nf3 Be7 8. 0-0 0-0 9. a3 a5 10. e3 Be6 11. d4 exd4 12. Nxd4 Nxd4 13. exd4 c6 14. Re1 Bf6 15. Be3 Nc4 16. b3 Nb6 17. Ne4 Nd5 18. Nc5 Bc8 19. Qd2 b6 20. Ne4 Be7 21. Rac1 Bb7 22. Ra1 Qd7 23. Bg5 Bxg5 24. Nxg5 h6 25. Ne4 Rad8 26. Rad1 Rfe8 27. b4 axb4 28. axb4 Nc7 29. Qf4 Ne6 30. Qg4 Kh8 31. Bh3 Qc7 32. Nc3 Rf8 33. b5 c5 34. d5 Nd4 35. Qe4 Qd6 36. f4 Bxd5 37. Nxd5 Qxd5 38. Qxd5 Rxd5 39. Kf2 Rfd8 40. Bg2 R5d7 41. Re5 Kg8 42. Rde1 Kf8 43. Bh3 Rd6 44. Re7 Nxb5 45. Rb7 Nd4 46. Ree7 Rf6 47. Ke3 Nf5+ 48. Bxf5 Rxf5 49. g4 Rf6 0-1

[Event "New Delhi Parsvnath blitz op 18th"]
[Site "New Delhi"]
[Date "2020.01.14"]
[Round "9"]
[White "Vedant, Nitin Vekhande"]
[Black "Gawai, Siddhant"]
[Result "0-1"]
[WhiteElo "1756"]
[BlackElo "1733"]
[PlyCount "134"]
[EventDate "2020.01.14"]
[EventType "swiss (blitz)"]
[EventRounds "9"]
[EventCountry "IND"]
[SourceTitle "CBM 194 Extra"]
[Source "ChessBase"]
[SourceDate "2020.03.31"]
[SourceVersion "1"]
[SourceVersionDate "2020.03.31"]
[SourceQuality "1"]

1. e4 c5 2. Nf3 e6 3. d4 cxd4 4. Nxd4 a6 5. c4 Qc7 6. Nc3 Nf6 7. Be2 b6 8. Be3 Bb7 9. f3 d6 10. 0-0 Nbd7 11. b4 Be7 12. Rc1 0-0 13. Nb3 Rac8 14. a3 Qb8 15. Qe1 Bd8 16. Qf2 Bc7 17. h3 d5 18. cxd5 Bg3 19. dxe6 Bxf2+ 20. Bxf2 fxe6 21. Rfd1 Rfd8 22. Nd4 Nf8 23. Na2 Rxc1 24. Rxc1 Rc8 25. Rxc8 Qxc8 26. Bf1 e5 27. Ne2 Ne6 28. Bxb6 Nd7 29. Bf2 Qc4 30. Nac3 Qb3 31. a4 Qxb4 32. Be1 Nd4 33. Kf2 Nxe2 34. Bxe2 Nc5 35. Nb5 Qb2 36. Nd6 Nd3+ 37. Kf1 Nxe1 38. Kxe1 Qb4+ 39. Kf2 Qxd6 40. Bc4+ Kf8 41. Kg3 Qc5 42. Be6 Bc6 43. Bc8 a5 44. Bf5 Bxa4 45. Bxh7 Qe3 46. Bf5 g6 47. Bg4 Bc6 48. h4 Bxe4 49. h5 gxh5 50. Bxh5 Qg5+ 51. Bg4 Bf5 52. Kh3 Bxg4+ 53. fxg4 e4 54. Kg3 e3 55. Kf3 a4 56. g3 a3 57. Ke2 a2 58. Kd3 a1Q 59. Ke2 Qb2+ 60. Kf3 Qf2+ 61. Ke4 Qxg4+ 62. Kd3 e2 63. Kc3 Qgxg3+ 64. Kc4 Qff4+ 65. Kd5 Qd6+ 66. Kc4 Qgf4+ 67. Kb5 Qfb4# 0-1

[Event "Barcelona Sant Marti op 21st"]
[Site "Barcelona"]
[Date "2019.07.16"]
[Round "4"]
[White "Jul Perez, Alberto"]
[Black "Vedant, Nitin Vekhande"]
[Result "1-0"]
[WhiteElo "1987"]
[BlackElo "1620"]
[PlyCount "83"]
[EventDate "2019.07.13"]
[EventType "swiss"]
[EventRounds "9"]
[EventCountry "ESP"]
[SourceTitle "EXT 2020"]
[Source "ChessBase"]
[SourceDate "2019.10.17"]
[SourceVersion "1"]
[SourceVersionDate "2019.10.17"]
[SourceQuality "1"]

1. d4 Nf6 2. Nf3 d5 3. c4 e6 4. g3 dxc4 5. Nc3 Nc6 6. Bg2 Rb8 7. a4 Bb4 8. 0-0 Bxc3 9. bxc3 0-0 10. Qc2 Re8 11. e4 e5 12. dxe5 Nxe5 13. Nxe5 Rxe5 14. f4 Re8 15. Rd1 Qe7 16. e5 Qc5+ 17. Rd4 Nd7 18. Ba3 Qb6 19. Rb1 Qa6 20. Bb4 Qe6 21. Bd5 Qg4 22. f5 Qg5 23. Bxf7+ Kxf7 24. e6+ Kg8 25. exd7 Bxd7 26. Rxd7 Rbd8 27. Rxd8 Rxd8 28. Re1 h6 29. Qe4 Rd2 30. Qxc4+ Kh7 31. Qe4 Kg8 32. Bc5 Qh5 33. Qe8+ Qxe8 34. Rxe8+ Kh7 35. Re7 Ra2 36. f6 Rxa4 37. f7 Ra1+ 38. Kg2 Kg6 39. f8Q Kh5 40. Qf5+ g5 41. g4+ Kh4 42. Bf2# 1-0

[Event "Barbera del Valles op 42nd"]
[Site "Barbera del Valles"]
[Date "2019.07.07"]
[Round "4"]
[White "Martin Barcelo, Carles"]
[Black "Vedant, Nitin Vekhande"]
[Result "1/2-1/2"]
[WhiteElo "2012"]
[BlackElo "1620"]
[PlyCount "110"]
[EventDate "2019.07.04"]
[EventType "swiss"]
[EventRounds "9"]
[EventCountry "ESP"]
[SourceTitle "CBM 191 Extra"]
[Source "ChessBase"]
[SourceDate "2019.09.30"]
[SourceVersion "1"]
[SourceVersionDate "2019.09.30"]
[SourceQuality "1"]

1. d4 Nf6 2. c4 e5 3. dxe5 Ng4 4. Bf4 Nc6 5. Nf3 Bb4+ 6. Nbd2 Qe7 7. e3 Ngxe5 8. Nxe5 Nxe5 9. Be2 0-0 10. 0-0 Bxd2 11. Qxd2 d6 12. b4 a5 13. a3 axb4 14. axb4 Bd7 15. Rxa8 Rxa8 16. c5 Be6 17. Rd1 Nc4 18. Bxc4 Bxc4 19. cxd6 cxd6 20. Bxd6 Qf6 21. Bg3 Ra1 22. h4 b5 23. Kh2 Rxd1 24. Qxd1 h6 25. Qd2 g5 26. Qd7 gxh4 27. Qe8+ Kh7 28. Be5 Qe6 29. Qh8+ Kg6 30. f3 f6 31. Bf4 Qe7 32. Qxh6+ Kf7 33. Qh5+ Ke6 34. Qxh4 Qxb4 35. Qg4+ Ke7 36. Qf5 Be6 37. Qh7+ Bf7 38. Qd3 Qc5 39. Qe4+ Be6 40. Qb7+ Bd7 41. Qe4+ Be6 42. Bg3 Qd5 43. Qxd5 Bxd5 44. Be1 Ke6 45. Kg3 f5 46. Kf4 Bc4 47. e4 fxe4 48. Kxe4 Bb3 49. g4 Kf6 50. Bh4+ Kg6 51. f4 Bc2+ 52. Ke5 b4 53. f5+ Kh6 54. Be1 Kg5 55. Bxb4 Kxg4 1/2-1/2